| Поле | Инд. | ПП | Название | Значение |
|---|---|---|---|---|
| Тип записи | m | |||
| Библиографический уровень | m | |||
| 001 | Контрольный номер | 0a0dcbb9701642e99d1abc0c8ab82c70 | ||
| 005 | Дата корректировки | 20210705160712.5 | ||
| 040 | a | Служба первич. каталог. | НБ ТвГУ | |
| b | Код языка каталог. | rus | ||
| e | Правила каталог. | PSBO | ||
| 097 | b | Оператор | Polyakova.IM | |
| 245 | 10 | a | Заглавие | Семенова Нина Васильевна |
| h | Физич. носитель | Электронный ресурс | ||
| 260 | a | Место издания | Тверь | |
| c | Дата издания | 2021 | ||
| 856 | 40 | u | URL | http://megapro.tversu.ru/megaPro/UserEntry?Action=FindDocs&ids=5031896 |
| x | Примечание для ЭОР | Реестр суммарного учета сетевых локальных документов | ||
| x | Примечание для ЭОР | Персоналии ТвГУ | ||
| i | Дата подключения ЭОР | 20210705 | ||
| 900 | a | Имя макрообъекта | 149647bu | |
| 900 | a | Имя макрообъекта | ооблл_сж | |
| 901 | t | Тип документа | m | |
| 920 | a | Оператор | Поля | |
| 952 | c | Вид литературы | Т рн | |
| 954 | b | Дата поступления в ОК | 20210705 |